000 01446cam a22003857a 4500
003 CHAP
005 20220329141828.0
008 971124s1997 mx a r 00010 spa d
010 _a74482
011 _a75454
035 _a85018
040 _cCHAP
090 _aTesis
100 0 0 _aDonghú Angeles, Araceli.
_933960
245 1 0 _aAdición de un complejo de vitaminas y minerales quelatados en la dieta de cerdos en crecimiento y finalización
_c/por Araceli Donghú Angeles y Eduardo Santellano Estrada
260 _aChapingo, Méx. :
_bEl autor,
_c1997
300 _a71 h. :
_bgráfs.
502 _aTesis (Ing. Agr. Zootecnista) -- UACH. Departamento de Zootecnia
590 _aALEPH
_b10
_c20130110
_lUCH01
_h1419
590 _aBATCH-UPD
_b10
_c20130110
_lUCH01
_h0822
590 _aBATCH-UPD
_b10
_c20130410
_lUCH01
_h0500
590 _aBATCH-UPD
_b10
_c20130914
_lUCH01
_h1523
590 _aCONVERSION
_b10
_c20130109
_lUCH01
_h1341
650 1 4 _aGanado porcino
_xAlimentación.
_945329
650 1 4 _aGanado porcino
_xCrecimiento.
_945349
650 1 4 _aGanado porcino
_xProducción.
_945399
650 1 4 _aMinerales en nutrición animal.
_975937
650 1 4 _aVitaminas en nutrición animal.
_9120022
700 0 _aSantellano Estrada, Eduardo.
_9102308
901 _aBK
905 _aMayto Villalobos S.
942 _cFOLL
949 _bBC
_cTES
_d33724000637823
_eTS2
_fc.2
_h31736
_i85018
_sb
949 _bBC
_cTES
_d850181
_eTS1
_h31735
_i85018
_sb
999 _c74482
_d74482